Quiz wiedzy ogólnej #22 - Statystyki

Ogólne statystyki
  • Ten quiz został rozwiązany 426 razy
    265 od ostatniego zresetowania
  • Średni wynik to 12 z 20
Statystyki odpowiedzi
Pytanie Odpowiedź % Poprawnych
Jakie znane zwierzę żywi się głównie liśćmi eukaliptusa? Koala
99%
Według legendy, jakie miasto było założone przez Romulusa i Remusa? Rzym
96%
Uzupełnij najbardziej znane przysłowie dotyczące miesiąca w Polsce: W marcu jak w ______. garncu
94%
Jaki rodzaj klęski żywiołowej dotknął tereny Polski w 1997 oraz w 2004 r.? Powódź
93%
Jakie jest najpopularniejsze przeciwieństwo słowa "głęboko"? Płytko
92%
Jakie morze leży pomiędzy Norwegią a Wielką Brytanią? Morze {Północne}
84%
Jakie państwo graniczy z Panamą na południu? Kolumbia
79%
Jaki model samochodu Toyota jest najczęściej sprzedawanym autem w historii? Corolla
68%
Jakie państwo okupowało Etiopię w latach 1936-1941? Włochy
66%
Jakiego rodzaju kule zabijają wilkołaki? {Srebrne} kule
57%
W jakim państwie drużyna rugby union nazywa się "All Blacks"? Nowa Zelandia
56%
Jakie słowo na literę M oznacza ozdobną wieżę przylegającą do meczetu? Minaret
54%
Jakie jest polskie tłumaczenie dla niemieckiego słowa "die Wand"? Ściana
39%
Jaka jest suma wszystkich liczb od 1 do 100? 5050
38%
Jak nazywała się bomba zrzucona na Nagasaki w 1945 roku? Fat Man
36%
Jaka kanadyjska prowincja jest na północ od stanu Waszyngton? Kolumbia Brytyjska
36%
Kto nosi banderę "Wesoły Roger"? Piraci
36%
Jak na imię ma siostra Kate Middleton? Pippa
34%
Jakie zioło, popularne w kuchni meksykańskiej, smakuje jak mydło dla osób, które mają pewien gen? {Kolendra} siewna
23%
Jak nazywamy szachowe otwarcie, które występuje po zagraniu e4 (białe) i d5 (czarne)? Obrona {skandynawska}
22%
Nie znaleziono quizów pasujących do podanych kryteriów
Rozkład punktacji
Procent ludzi z każdym wynikiem
Percentyl według liczby udzielonych odpowiedzi
Twoja historia wyników
Nie rozwiązałeś tego quizu od ostatniego zresetowania